| 000 | 00371nam a2200157Ia 4500 | ||
|---|---|---|---|
| 008 | 210210b1928 xxu||||| |||| 00| 0 eng d | ||
| 041 | _aeng | ||
| 082 | _a829/847m | ||
| 100 | _aQUILLER (Couch) | ||
| 245 | _aBlue pavillons | ||
| 260 |
_aLondon _bJ M Dent & Sons Ltd. _c1928 |
||
| 650 | _apavillons | ||
| 650 | _aBlue | ||
| 690 | _aEnglish Fiction | ||
| 906 | _a017457 | ||
| 999 |
_c137424 _d137424 |
||